|
|
|
|
| LEADER |
00000nab a2200000Ia 4500 |
| 001 |
vtls010817034 |
| 003 |
SK-MaSNL |
| 005 |
20260303134809.0 |
| 008 |
230218|1990 xo |||||||||||||||||slo| |
| 035 |
|
|
|a (urnnbn)urn:nbn:sk:snk:ar-a05hnz
|
| 035 |
|
|
|a urn:nbn:sk:snk-ab5l9u
|
| 035 |
|
|
|a (uuid)aea6496d-767e-4cf4-b258-e49bc9830fab
|
| 040 |
|
|
|a SNKBUCL
|b slo
|c SNKBUCL
|e AACR2
|
| 041 |
0 |
|
|a slo
|
| 044 |
|
|
|a xo
|c SK
|
| 080 |
|
|
|a 321.01
|2 2001
|
| 080 |
|
|
|a 339.13
|2 2001
|
| 080 |
|
|
|a 37.091.32
|2 2011
|
| 100 |
1 |
|
|a Smolka, Andrej
|4 aut
|9 277677
|
| 245 |
1 |
0 |
|a Medzinárodný seminár Vzťahy štátu a trh v modernej ekonomike
|c Andrej Smolka
|
| 611 |
2 |
7 |
|a Medzinárodný seminár Vzťahy štátu a trh v modernej ekonomike
|d (1990 :
|c Bratislava, Slovensko)
|g seminár
|2 SNK
|9 1155635
|
| 648 |
|
7 |
|a 10.9.-13.9.1990
|2 SNK
|9 1155636
|
| 650 |
0 |
7 |
|a štát
|2 SNKPH
|9 4689
|
| 650 |
0 |
7 |
|a trhy
|2 SNKPH
|9 2373
|
| 650 |
0 |
7 |
|a ekonomika
|2 SNKPH
|9 789
|
| 650 |
0 |
7 |
|a semináre
|2 SNKPH
|9 18562
|
| 773 |
0 |
|
|t Ekonomický časopis : časopis pre ekonomickú teóriu, hospodársku politiku, spoločensko-ekonomické prognózovanie
|g Roč. 38, č. 12 (1990), s. 1131-1134
|
| 954 |
|
|
|a odborná, vedecká literatúra pôvodná (slovenská)
|2 lita
|
| 958 |
|
|
|a OND
|
| 958 |
|
|
|a EUIPO
|
| 958 |
|
|
|a article5
|
| 999 |
|
|
|c 1961813
|d 1963743
|